000 00471nam a22001937a 4500
003 CEME
005 20210628203432.0
008 210119b xxu||||| |||| 00| 0 eng d
020 _a9788181287182
040 _cceme
082 _a621.3824 MOD
100 _aDrabowitch, S, Papiernik, A, Smith B. L.
_965445
245 _aModern antennas
250 _a2ND
260 _aDELHI
_bSPRINGER
_c2007
300 _aXX, 690P
650 _aANTENNAS
_965446
942 _cBK
_2ddc
999 _c573652
_d573652